Kritici diskutujú o Tomášovi Janovicovi ; Július Noge, Karol Rosenbaum, Zlatko Klátik, Rudolf Čižmárik, Viliam Marčok, J. Halás, Peter Zajac

Bibliographic Details
Format: Article
Language:Slovak
Subjects:

MARC

LEADER 00000nab a2200000 a 4500
001 vtls000164367
003 SK-MaSNL
005 20260304075130.0
008 250423c1983 xo 0 slo
015 |a SNBRB19rr/mm-uuuuu 
035 |a CL0174478 
035 |a urn:nbn:sk:snk-abbcul 
035 |a (urnnbn)urn:nbn:sk:snk:ar-00014i 
035 |a (uuid)79a1f52e-34fc-482a-97ff-eea6ddd7f52c 
040 |a SNKBUCL  |b slo  |c SNKBUCL  |e AACR2 
041 0 |a slo 
044 |a xo  |c SK 
080 |a 82.09:885.4-1  |2 1981 
080 |a 885.4-1  |2 1981 
080 |a 82  |2 1981 
080 |a 061.3  |2 1981 
080 |a 885.4  |2 1981 
245 0 0 |a Kritici diskutujú o Tomášovi Janovicovi ; Július Noge, Karol Rosenbaum, Zlatko Klátik, Rudolf Čižmárik, Viliam Marčok, J. Halás, Peter Zajac 
600 1 7 |a Janovic, Tomáš,  |d 1937-2023  |2 snkbucl  |9 103580 
655 7 |a články z novín a časopisov  |2 snkbucl  |9 267496 
655 7 |a články z odboru literárna veda a krásna literatúra  |2 snkbucl  |9 770045 
773 0 |t Romboid  |g Roč. 18, č. 10 (1983), s. 17-23 
850 |a Slovenská národná knižnica 
852 |a Slovenská národná knižnica 
958 |a article15 
958 |a BX 
958 |a RK 
958 |a LX 
958 |a OND 
958 |a EUIPO 
992 |a RBX 
999 |c 2779813  |d 2781743